<?xml version="1.0" encoding="UTF-8"?>
<record
    xmlns:xsi="http://www.w3.org/2001/XMLSchema-instance"
    xsi:schemaLocation="http://www.loc.gov/MARC21/slim http://www.loc.gov/standards/marcxml/schema/MARC21slim.xsd"
    xmlns="http://www.loc.gov/MARC21/slim">

  <leader>01911    a2200205   4500</leader>
  <datafield tag="020" ind1=" " ind2=" ">
    <subfield code="a">1591392454 (hardcover)</subfield>
  </datafield>
  <datafield tag="020" ind1=" " ind2=" ">
    <subfield code="a">9781591392453 (hardcover)</subfield>
  </datafield>
  <datafield tag="082" ind1="0" ind2="4">
    <subfield code="a">658.301</subfield>
  </datafield>
  <datafield tag="090" ind1=" " ind2=" ">
    <subfield code="c">4736</subfield>
    <subfield code="d">4736</subfield>
  </datafield>
  <datafield tag="100" ind1="1" ind2=" ">
    <subfield code="a">Huselid, Mark A.</subfield>
  </datafield>
  <datafield tag="245" ind1="1" ind2="4">
    <subfield code="a">The workforce scorecard :</subfield>
    <subfield code="b">managing human capital to execute strategy /</subfield>
    <subfield code="c">Mark A. Huselid, Brian E. Becker, Richard W. Beatty.</subfield>
  </datafield>
  <datafield tag="250" ind1=" " ind2=" ">
    <subfield code="a">1st ed.</subfield>
  </datafield>
  <datafield tag="260" ind1=" " ind2=" ">
    <subfield code="a">[S.l.] :</subfield>
    <subfield code="b">Harvard Business Press,</subfield>
    <subfield code="c">2005.</subfield>
  </datafield>
  <datafield tag="300" ind1=" " ind2=" ">
    <subfield code="a">278 p. ;</subfield>
    <subfield code="c">24 cm.</subfield>
  </datafield>
  <datafield tag="520" ind1=" " ind2=" ">
    <subfield code="a">Driving strategy through workforce performance In a marketplace fueled by intangible assets, anything less than optimal workforce success can threaten a firm's survival. Yet in most organizations, employee performance is both poorly managed and underutilized. The Workforce Scorecard argues that current management and human resource practices hinder employees' ability to contribute to strategic goals. To maximize the power of their workforce, organizations must meet three challenges: view their workforce in terms of contribution rather than cost; replace benchmarking metrics with measures that differentiate levels of strategic impact; and make line managers and HR professionals jointly responsible for executing workforce initiatives. Building on the proven model outlined in their bestselling book The HR Scorecard , Mark Huselid, Brian Becker, and coauthor Richard Beatty show how to create a Workforce Scorecard that identifies and measures the behaviors, competencies, mind-set, and culture required for workforce success and reveals how each dimension impacts the bottom line. Practical and timely, The Workforce Scorecard offers crucial lessons for leveraging human capital to achieve strategic success.</subfield>
  </datafield>
  <datafield tag="700" ind1="1" ind2=" ">
    <subfield code="a">Becker, Brian E.</subfield>
  </datafield>
  <datafield tag="700" ind1="1" ind2=" ">
    <subfield code="a">Beatty, Richard W.</subfield>
  </datafield>
  <datafield tag="856" ind1="4" ind2="0">
    <subfield code="3">Amazon.com</subfield>
    <subfield code="u">http://www.amazon.com/exec/obidos/ASIN/1591392454/chopaconline-20</subfield>
  </datafield>
  <datafield tag="942" ind1=" " ind2=" ">
    <subfield code="a">NBS</subfield>
    <subfield code="c">BK</subfield>
    <subfield code="k">658.301 HUS</subfield>
  </datafield>
  <datafield tag="999" ind1=" " ind2=" ">
    <subfield code="c">347168</subfield>
    <subfield code="d">347168</subfield>
  </datafield>
  <datafield tag="952" ind1=" " ind2=" ">
    <subfield code="0">0</subfield>
    <subfield code="1">0</subfield>
    <subfield code="4">0</subfield>
    <subfield code="7">0</subfield>
    <subfield code="a">CL</subfield>
    <subfield code="b">CL</subfield>
    <subfield code="d">2013-08-28</subfield>
    <subfield code="l">0</subfield>
    <subfield code="o">658.301 HUS</subfield>
    <subfield code="p">NBS6093</subfield>
    <subfield code="r">2013-08-28</subfield>
    <subfield code="w">2013-08-28</subfield>
    <subfield code="y">BK</subfield>
  </datafield>
</record>
